[Event "BCF-chT1d 0809 (4NCL) Demotion pool"]
[Site "England"]
[Date "2009.05.03"]
[Round "10.1"]
[White "Hunt, Adam"]
[Black "Pixton, Aaron"]
[Result "1/2-1/2"]
[WhiteElo "2433"]
[BlackElo "2462"]
[PlyCount "59"]
[EventDate "2008.10.04"]
[EventType "team-tourn"]
[EventRounds "4"]
[EventCountry "ENG"]
[SourceTitle "EXT 2010"]
[Source "ChessBase"]
[SourceDate "2010.11.25"]
[SourceVersion "1"]
[SourceVersionDate "2010.11.25"]
[SourceQuality "1"]
[WhiteTeam "Betsson.com"]
[BlackTeam "Cambridge"]
[WhiteTeamCountry "ENG"]
[BlackTeamCountry "ENG"]

1. e4 c5 2. Nf3 d6 3. d4 cxd4 4. Nxd4 Nf6 5. Nc3 g6 6. Be3 Bg7 7. f3 0-0 8. Qd2 Nc6 9. 0-0-0 Nxd4 10. Bxd4 Be6 11. Kb1 Qc7 12. h4 Rfc8 13. h5 Qa5 14. hxg6 fxg6 15. a3 Bf7 16. g4 Rab8 17. g5 Nh5 18. Bxg7 Kxg7 19. Bh3 Rc4 20. Bg4 b5 21. Nd5 Qxd2 22. Rxd2 Bxd5 23. exd5 Nf4 24. Re1 Rb7 25. b3 Rc5 26. Be6 Rc3 27. Bg4 Rc5 28. Be6 Rc3 29. Bg4 Rc5 30. Be6 1/2-1/2

[Event "Canarias en Red prel 5th"]
[Site "Playchess.com INT"]
[Date "2004.05.07"]
[Round "10"]
[White "Karasik, Evgeni"]
[Black "Pixton, Aaron"]
[Result "0-1"]
[WhiteElo "2194"]
[BlackElo "2462"]
[PlyCount "48"]
[EventDate "2004.05.07"]
[EventType "swiss (blitz)"]
[EventRounds "13"]
[EventCountry "GER"]
[SourceTitle "EXT 2005"]
[Source "ChessBase"]
[SourceDate "2004.11.15"]
[SourceVersion "1"]
[SourceVersionDate "2004.11.15"]
[SourceQuality "1"]

1. e4 c5 2. Nf3 d6 3. d4 cxd4 4. Qxd4 Nc6 5. Bb5 Bd7 6. Bxc6 Bxc6 7. Nc3 Nf6 8. Bg5 e6 9. 0-0-0 Be7 10. Kb1 Qa5 11. h4 Rc8 12. Qd2 b5 13. Nd4 b4 14. Nxc6 Rxc6 15. Bxf6 Bxf6 16. Ne2 0-0 17. g4 Rfc8 18. g5 Bc3 19. Qd3 Qa4 20. bxc3 bxc3 21. Nc1 Qa3 22. Qb5 Rb6 23. Qxb6 axb6 24. Nd3 Ra8 0-1

[Event "Canarias en Red prel 5th"]
[Site "Playchess.com INT"]
[Date "2004.05.07"]
[Round "9"]
[White "Pixton, Aaron"]
[Black "Keller, Thomas L"]
[Result "1-0"]
[WhiteElo "2462"]
[BlackElo "2271"]
[PlyCount "55"]
[EventDate "2004.05.07"]
[EventType "swiss (blitz)"]
[EventRounds "13"]
[EventCountry "GER"]
[SourceTitle "EXT 2005"]
[Source "ChessBase"]
[SourceDate "2004.11.15"]
[SourceVersion "1"]
[SourceVersionDate "2004.11.15"]
[SourceQuality "1"]

1. d4 Nf6 2. Bg5 e6 3. e4 h6 4. Bxf6 Qxf6 5. c3 g5 6. Bd3 d6 7. Ne2 Bg7 8. Ng3 Qe7 9. Nh5 Bf8 10. 0-0 Nd7 11. Na3 Nf6 12. f4 Nxh5 13. Qxh5 Bd7 14. fxg5 0-0-0 15. Rxf7 Qxg5 16. Qxg5 hxg5 17. Nc4 Bh6 18. Ne3 Rdf8 19. Raf1 Rxf7 20. Rxf7 Kd8 21. Ng4 Bf8 22. e5 Be7 23. Nf6 Rf8 24. Rg7 dxe5 25. dxe5 Bxf6 26. exf6 Rxf6 27. Rxg5 Ke7 28. Rg7+ 1-0

[Event "Wch U18"]
[Site "Chalkidiki"]
[Date "2003.10.30"]
[Round "8"]
[White "Alcazar Jimenez, Victor Manuel"]
[Black "Pixton, Aaron"]
[Result "0-1"]
[WhiteElo "2363"]
[BlackElo "2445"]
[PlyCount "64"]
[EventDate "2003.10.23"]
[EventType "swiss"]
[EventRounds "11"]
[EventCountry "GRE"]
[SourceTitle "EXT 2004"]
[Source "ChessBase"]
[SourceDate "2003.11.25"]
[SourceVersion "1"]
[SourceVersionDate "2003.11.25"]
[SourceQuality "1"]

1. e4 c5 2. Nf3 e6 3. d4 cxd4 4. Nxd4 a6 5. Bd3 Bc5 6. Nb3 Be7 7. 0-0 d6 8. f4 Nd7 9. Nc3 Ngf6 10. Qe2 Qc7 11. Bd2 b5 12. a3 Bb7 13. Rae1 h5 14. Kh1 h4 15. Kg1 e5 16. f5 d5 17. exd5 h3 18. g3 Bd6 19. Bxb5 axb5 20. Nxb5 Qb8 21. c4 Ba6 22. a4 0-0 23. Rc1 Rc8 24. Be3 e4 25. N3d4 Ne5 26. Bf4 Bxb5 27. Nxb5 Nf3+ 28. Kh1 Bxf4 29. gxf4 Qxf4 30. b3 Nxd5 31. Rce1 Ne3 32. Rxf3 exf3 0-1

[Event "Wch U18"]
[Site "Chalkidiki"]
[Date "2003.10.29"]
[Round "7"]
[White "Pixton, Aaron"]
[Black "Popovics, Adam"]
[Result "1/2-1/2"]
[WhiteElo "2445"]
[BlackElo "2431"]
[PlyCount "111"]
[EventDate "2003.10.23"]
[EventType "swiss"]
[EventRounds "11"]
[EventCountry "GRE"]
[SourceTitle "EXT 2004"]
[Source "ChessBase"]
[SourceDate "2003.11.25"]
[SourceVersion "1"]
[SourceVersionDate "2003.11.25"]
[SourceQuality "1"]

1. d4 Nf6 2. Bg5 Ne4 3. Bf4 c5 4. f3 Qa5+ 5. c3 Nf6 6. d5 d6 7. e4 g6 8. Qd2 Bg7 9. c4 Qxd2+ 10. Bxd2 Nxe4 11. fxe4 Bxb2 12. Bc3 Bxa1 13. Bxa1 0-0 14. Nf3 a6 15. Nc3 b5 16. cxb5 axb5 17. Bxb5 Ba6 18. Bxa6 Nxa6 19. Ke2 Rfb8 20. Nd2 Nc7 21. Kd3 Rb4 22. Nc4 Rbb8 23. g4 f6 24. Bb2 Kf7 25. a3 Ke8 26. Bc1 Kd7 27. Bd2 Rb7 28. Rf1 g5 29. Rf3 h5 30. gxh5 Rh8 31. h4 Rxh5 32. hxg5 fxg5 33. Rg3 e6 34. Rxg5 Rxg5 35. Bxg5 exd5 36. exd5 Nb5 37. Nxb5 Rxb5 38. Kc2 Rb8 39. Bf4 Rh8 40. Bxd6 Rh4 41. Kb3 Rd4 42. Bxc5 Rxd5 43. Kb4 Kc7 44. Kb5 Rd1 45. a4 Rb1+ 46. Bb4 Rh1 47. a5 Rh5+ 48. Bc5 Kb8 49. a6 Rh1 50. Nb6 Rb1+ 51. Bb4 Ka7 52. Nc8+ Kb8 53. Ne7 Ka7 54. Nd5 Rb2 55. Nc7 Rxb4+ 56. Kxb4 1/2-1/2

[Event "New York-ch 125th playoff"]
[Site "Kerhonkson"]
[Date "2003.09.01"]
[Round "1"]
[White "Pixton, Aaron"]
[Black "Benjamin, Joel"]
[Result "1-0"]
[WhiteElo "2445"]
[BlackElo "2583"]
[PlyCount "87"]
[EventDate "2003.08.30"]
[EventType "game (rapid)"]
[EventRounds "1"]
[EventCountry "USA"]
[SourceTitle "EXT 2004"]
[Source "ChessBase"]
[SourceDate "2003.11.25"]
[SourceVersion "1"]
[SourceVersionDate "2003.11.25"]
[SourceQuality "1"]

1. d4 Nf6 2. Bg5 g6 3. Bxf6 exf6 4. c4 Bg7 5. Nc3 f5 6. e3 0-0 7. Nge2 d6 8. g3 Nd7 9. Bg2 Nf6 10. 0-0 Re8 11. b4 c6 12. Rb1 Qc7 13. Qd3 Bd7 14. b5 c5 15. Rbc1 Rac8 16. Nd5 Nxd5 17. Bxd5 Re7 18. Nf4 Be6 19. Bxe6 fxe6 20. d5 e5 21. Ne6 Qa5 22. e4 Bh6 23. Rb1 Rf7 24. exf5 gxf5 25. Rb3 Qd2 26. Qf3 e4 27. Qh5 Rf6 28. Ra3 Ra8 29. Kh1 Qb2 30. Rb3 Qxa2 31. Qd1 Qd2 32. Qa1 Kf7 33. Ra3 Qe2 34. Kg1 e3 35. fxe3 Bxe3+ 36. Kh1 h5 37. Nf4 Qxc4 38. Rxe3 Rh8 39. Rfe1 Qd4 40. Qxa7 Kg7 41. Qxb7+ Kh6 42. Qe7 Rhf8 43. Re6 R8f7 44. Qxf7 1-0

[Event "Foxwoods op 05th"]
[Site "Connecticut"]
[Date "2003.04.19"]
[Round "5"]
[White "Akobian, Varuzhan"]
[Black "Pixton, Aaron"]
[Result "1-0"]
[WhiteElo "2547"]
[BlackElo "2443"]
[PlyCount "137"]
[EventDate "2003.04.17"]
[EventType "swiss"]
[EventRounds "7"]
[EventCountry "USA"]
[SourceTitle "CBM 093 Extra"]
[Source "ChessBase"]
[SourceDate "2003.05.09"]
[SourceVersion "1"]
[SourceVersionDate "2003.05.09"]
[SourceQuality "1"]

1. d4 f5 2. Nc3 Nf6 3. Bg5 d5 4. Bxf6 exf6 5. e3 Be6 6. Bd3 Nc6 7. Nge2 Qd7 8. a3 g6 9. b3 Bf7 10. Na4 b6 11. c4 dxc4 12. Bxc4 Bd6 13. 0-0 0-0 14. Qc2 Na5 15. Bxf7+ Qxf7 16. b4 Nc4 17. Rfc1 b5 18. Nb2 Nxb2 19. Qxb2 a5 20. bxa5 Rxa5 21. Nc3 c6 22. a4 b4 23. Nb1 c5 24. Nd2 cxd4 25. exd4 Qd5 26. Nb3 Ra7 27. a5 f4 28. Nc5 f3 29. Qb3 Qxb3 30. Nxb3 Ra6 31. gxf3 Kf7 32. Rc4 Ke6 33. h3 Kd5 34. Rc2 Re8 35. Kf1 f5 36. Rac1 Rea8 37. Ra2 Re8 38. Rac2 Rea8 39. Ra1 Re8 40. Ra4 h5 41. Nc5 Rc8 42. Nxa6 Rxc2 43. Nxb4+ Bxb4 44. a6 Rc8 45. Rxb4 Rc1+ 46. Kg2 Ra1 47. Rb6 h4 48. Rxg6 Kxd4 49. Rd6+ Ke5 50. Rh6 Ra2 51. Rxh4 Rxa6 52. Rb4 f4 53. Rb5+ Kf6 54. h4 Kg6 55. Kh3 Ra2 56. Kg4 Rxf2 57. Rb6+ Kg7 58. Kxf4 Ra2 59. Kg4 Ra5 60. f4 Kf7 61. Rb7+ Kf6 62. h5 Rc5 63. Rb1 Ra5 64. Rh1 Ra8 65. h6 Rg8+ 66. Kf3 Rh8 67. h7 Kf5 68. Rh6 Re8 69. Rh5+ 1-0

[Event "Foxwoods op 05th"]
[Site "Connecticut"]
[Date "2003.04.18"]
[Round "3"]
[White "Bennett, Allan"]
[Black "Pixton, Aaron"]
[Result "0-1"]
[WhiteElo "2267"]
[BlackElo "2443"]
[PlyCount "46"]
[EventDate "2003.04.17"]
[EventType "swiss"]
[EventRounds "7"]
[EventCountry "USA"]
[SourceTitle "CBM 093 Extra"]
[Source "ChessBase"]
[SourceDate "2003.05.09"]
[SourceVersion "1"]
[SourceVersionDate "2003.05.09"]
[SourceQuality "1"]

1. e4 c5 2. Nc3 Nc6 3. g3 g6 4. Bg2 Bg7 5. d3 Nf6 6. f4 d6 7. Nf3 0-0 8. 0-0 Rb8 9. h3 b5 10. g4 b4 11. Ne2 Bb7 12. f5 Nd7 13. Nf4 Nde5 14. Ng5 h6 15. Nf3 g5 16. Nh5 Nxf3+ 17. Bxf3 Bd4+ 18. Kh1 f6 19. Qd2 Be5 20. Bg2 a5 21. a4 Ba6 22. c3 bxc3 23. bxc3 Rb3 0-1

[Event "USA-ch"]
[Site "Seattle"]
[Date "2003.01.15"]
[Round "6"]
[White "Lapshun, Yury"]
[Black "Pixton, Aaron"]
[Result "1/2-1/2"]
[WhiteElo "2419"]
[BlackElo "2449"]
[PlyCount "140"]
[EventDate "2003.01.09"]
[EventType "swiss"]
[EventRounds "9"]
[EventCountry "USA"]
[SourceTitle "CBM 093"]
[Source "ChessBase"]
[SourceDate "2003.04.01"]
[SourceVersion "1"]
[SourceVersionDate "2003.04.01"]
[SourceQuality "1"]

1. e4 c5 2. Nf3 d6 3. d4 cxd4 4. Nxd4 Nf6 5. Nc3 g6 6. Be2 Bg7 7. 0-0 0-0 8. Re1 Nc6 9. Nb3 Be6 10. Bf1 Rc8 11. Nd5 a5 12. a4 Bxd5 13. exd5 Nb4 14. c4 Nd7 15. Nd4 Bxd4 16. Qxd4 Nc2 17. Qc3 Nxe1 18. Bh6 Nf3+ 19. gxf3 Nf6 20. Bh3 Rc5 21. Re1 Re8 22. f4 e5 23. dxe6 fxe6 24. Rxe6 Kf7 25. Qe3 Rh5 26. Bg5 Rxh3 27. Rxe8 Qxe8 28. Qxh3 Qxa4 29. Qd3 Qa1+ 30. Kg2 Qxb2 31. Bxf6 Qxf6 32. Qd5+ Kg7 33. Qxb7+ Qf7 34. Qb2+ Kh6 35. Qd2 Qxc4 36. Qxd6 Qe4+ 37. Kg3 Qf5 38. Qd4 Kh5 39. h3 Kh6 40. Kg2 Kh5 41. Kg3 Kh6 42. Kg2 Qb5 43. Qf6 Qc5 44. Kg3 a4 45. f5 a3 46. fxg6 hxg6 47. f4 Qe3+ 48. Kg4 Qe8 49. Qg5+ Kh7 50. Qd5 Qc8+ 51. Kg3 Qc3+ 52. Kg4 Qc8+ 53. Kg3 Qc3+ 54. Kg4 Qf6 55. Kg3 Qg7 56. Kf3 Qf6 57. Kg3 Kg7 58. Qc4 Qb2 59. Qe6 Qc3+ 60. Kg4 Qf6 61. Qc4 Kh6 62. Qg8 Qb2 63. Qf8+ Kh7 64. Qe7+ Kg8 65. Kg5 Qb5+ 66. Kxg6 Qc6+ 67. Kh5 Qd5+ 68. Kh6 Qc6+ 69. Kh5 Qd5+ 70. Kh6 Qc6+ 1/2-1/2

[Event "USA-ch"]
[Site "Seattle"]
[Date "2003.01.13"]
[Round "5"]
[White "Pruess, David"]
[Black "Pixton, Aaron"]
[Result "0-1"]
[WhiteElo "2346"]
[BlackElo "2449"]
[PlyCount "90"]
[EventDate "2003.01.09"]
[EventType "swiss"]
[EventRounds "9"]
[EventCountry "USA"]
[SourceTitle "CBM 093"]
[Source "ChessBase"]
[SourceDate "2003.04.01"]
[SourceVersion "1"]
[SourceVersionDate "2003.04.01"]
[SourceQuality "1"]

1. d4 f5 2. Nc3 Nf6 3. Bg5 e6 4. g4 Bb4 5. gxf5 Bxc3+ 6. bxc3 exf5 7. Qd3 h6 8. Bxf6 Qxf6 9. Bg2 Nc6 10. e3 0-0 11. Ne2 b6 12. Nf4 a5 13. Rg1 Ba6 14. c4 Qd6 15. a3 Kh7 16. h4 a4 17. 0-0-0 Rae8 18. c5 Qxf4 19. exf4 Bxd3 20. Rxd3 b5 21. Kd2 Na5 22. Rg3 Nc4+ 23. Kc3 Nxa3 24. Bf1 Rf7 25. Bd3 Nc4 26. Ra1 d5 27. h5 Re6 28. Rag1 Kg8 29. Rg6 Ref6 30. Re1 Kf8 31. Re6 Rxe6 32. Rxe6 Rf6 33. Rxf6+ gxf6 34. Bxf5 Ke7 35. Bd3 c6 36. Kb4 Kd7 37. Bxc4 dxc4 38. f5 Kc7 39. c3 Kb7 40. Ka3 Ka7 41. Kb2 Ka6 42. Ka2 b4 43. Kb2 Kb5 44. Kc2 a3 45. f3 Ka5 0-1

[Event "Wch U16"]
[Site "Heraklion"]
[Date "2002.11.24"]
[Round "11"]
[White "Jones, Gawain C B"]
[Black "Pixton, Aaron"]
[Result "0-1"]
[WhiteElo "2251"]
[BlackElo "2443"]
[PlyCount "64"]
[EventDate "2002.11.15"]
[EventType "swiss"]
[EventRounds "11"]
[EventCountry "GRE"]
[SourceTitle "CBM 091 Extra"]
[Source "ChessBase"]
[SourceDate "2003.01.09"]
[SourceVersion "1"]
[SourceVersionDate "2003.01.09"]
[SourceQuality "1"]

1. e4 c5 2. Nf3 d6 3. c3 Nf6 4. Be2 Bg4 5. 0-0 e6 6. Re1 Nc6 7. Ng5 Bxe2 8. Rxe2 Be7 9. d4 d5 10. e5 Nd7 11. Nf3 0-0 12. Bf4 Qb6 13. h4 cxd4 14. cxd4 f6 15. exf6 Rxf6 16. Bg5 Rxf3 17. gxf3 Bxg5 18. hxg5 Nxd4 19. Re3 Rf8 20. Nd2 Rf5 21. f4 Rxf4 22. Rc1 Nf5 23. Rf3 Rg4+ 24. Kh1 Rh4+ 25. Kg1 Qd8 26. Nf1 Ne5 27. Rfc3 Qxg5+ 28. Ng3 h5 29. Rc8+ Kh7 30. R1c3 d4 31. Rb3 Rg4 32. Qe1 Ne3 0-1

[Event "Wch U16"]
[Site "Heraklion"]
[Date "2002.11.23"]
[Round "10"]
[White "Pixton, Aaron"]
[Black "Adly, Ahmed"]
[Result "1-0"]
[WhiteElo "2443"]
[BlackElo "2294"]
[PlyCount "53"]
[EventDate "2002.11.15"]
[EventType "swiss"]
[EventRounds "11"]
[EventCountry "GRE"]
[SourceTitle "CBM 091 Extra"]
[Source "ChessBase"]
[SourceDate "2003.01.09"]
[SourceVersion "1"]
[SourceVersionDate "2003.01.09"]
[SourceQuality "1"]

1. d4 d5 2. c4 e6 3. Nf3 Nf6 4. Nc3 c6 5. e3 Ne4 6. Bd3 f5 7. Ne5 Qf6 8. 0-0 Bd6 9. f4 0-0 10. Bd2 Nd7 11. Be1 Qh6 12. Rf3 g5 13. Bxe4 dxe4 14. Rg3 Nxe5 15. dxe5 Be7 16. fxg5 Qg7 17. Qh5 Bc5 18. g6 h6 19. Kh1 Bd7 20. Ne2 Rad8 21. Nf4 Be7 22. Rh3 Bg5 23. Bh4 Bxh4 24. Qxh4 Qxe5 25. g7 Rf6 26. Nh5 Kf7 27. Rd1 1-0

[Event "Wch U16"]
[Site "Heraklion"]
[Date "2002.11.15"]
[Round "1"]
[White "Selbes, Tarik"]
[Black "Pixton, Aaron"]
[Result "0-1"]
[WhiteElo "2160"]
[BlackElo "2443"]
[PlyCount "58"]
[EventDate "2002.11.15"]
[EventType "swiss"]
[EventRounds "11"]
[EventCountry "GRE"]
[SourceTitle "CBM 091 Extra"]
[Source "ChessBase"]
[SourceDate "2003.01.09"]
[SourceVersion "1"]
[SourceVersionDate "2003.01.09"]
[SourceQuality "1"]

1. e4 c5 2. Nf3 d6 3. d4 cxd4 4. Nxd4 Nf6 5. Nc3 g6 6. Be3 Bg7 7. f3 0-0 8. Qd2 Nc6 9. 0-0-0 Nxd4 10. Bxd4 Be6 11. g4 Qa5 12. Kb1 Rfc8 13. Nd5 Qxd2 14. Rxd2 Nxd5 15. Bxg7 Nb4 16. a3 Nxc2 17. Bh6 Na1 18. Ba6 bxa6 19. Kxa1 Rab8 20. Re1 Rb3 21. Rf2 f6 22. h4 Rd3 23. Kb1 Bb3 24. Be3 Bd1 25. g5 Rc4 26. gxf6 exf6 27. Rff1 Bc2+ 28. Ka1 Bb3 29. Rf2 Rxe3 0-1

[Event "New York State-ch 124th"]
[Site "Kerhonkson"]
[Date "2002.09.02"]
[Round "6"]
[White "Pixton, Aaron"]
[Black "Yudasin, Leonid"]
[Result "1-0"]
[WhiteElo "2432"]
[BlackElo "2573"]
[PlyCount "71"]
[EventDate "2002.08.31"]
[EventType "swiss"]
[EventRounds "6"]
[EventCountry "USA"]
[SourceTitle "CBM 090 Extra"]
[Source "ChessBase"]
[SourceDate "2002.11.07"]
[SourceVersion "1"]
[SourceVersionDate "2002.11.07"]
[SourceQuality "1"]

1. d4 Nf6 2. Bg5 Ne4 3. Bf4 c5 4. f3 Nf6 5. d5 Qb6 6. Bc1 g6 7. e4 d6 8. c4 Bg7 9. Nc3 0-0 10. Bd3 e6 11. Nge2 Nbd7 12. f4 e5 13. f5 gxf5 14. Ng3 fxe4 15. Bc2 Qb4 16. Bb3 b5 17. Nf5 bxc4 18. Bc2 Nb6 19. Nxg7 Kxg7 20. 0-0 Ng8 21. Nxe4 f5 22. Bd2 c3 23. Bxc3 Qc4 24. Nxd6 Qxd5 25. Bxf5 Qxd1 26. Bxe5+ Kh6 27. Raxd1 Bxf5 28. Nxf5+ Kg5 29. h4+ Kh5 30. g4+ Kxg4 31. Rf4+ Kh5 32. Ng7+ Kg6 33. Rd6+ Nf6 34. Rdxf6+ Rxf6 35. Rxf6+ Kxg7 36. Rxb6+ 1-0

[Event "New York State-ch 124th"]
[Site "Kerhonkson"]
[Date "2002.08.31"]
[Round "2"]
[White "Kantor, Alan"]
[Black "Pixton, Aaron"]
[Result "0-1"]
[WhiteElo "2176"]
[BlackElo "2432"]
[PlyCount "60"]
[EventDate "2002.08.31"]
[EventType "swiss"]
[EventRounds "6"]
[EventCountry "USA"]
[SourceTitle "CBM 090 Extra"]
[Source "ChessBase"]
[SourceDate "2002.11.07"]
[SourceVersion "1"]
[SourceVersionDate "2002.11.07"]
[SourceQuality "1"]

1. e4 c5 2. c3 Nf6 3. e5 Nd5 4. Nf3 d6 5. d4 cxd4 6. Bc4 Nb6 7. Bb3 d5 8. cxd4 Bg4 9. 0-0 e6 10. Be3 Be7 11. Nbd2 Nc6 12. Re1 a5 13. a3 0-0 14. Rc1 Qd7 15. Nf1 a4 16. Ba2 Na5 17. N1d2 Qb5 18. h3 Bf5 19. Bb1 Bxb1 20. Rxb1 Rfc8 21. b4 Nac4 22. Ra1 Rc7 23. Nxc4 dxc4 24. Qc2 c3 25. Rec1 Nd5 26. Ne1 f6 27. Nd3 Qc4 28. exf6 Bxf6 29. Nc5 b6 30. Qd3 Rxc5 0-1

[Event "USA-ch U20"]
[Site "Dallas"]
[Date "2002.07.22"]
[Round "8"]
[White "Schneider, Dmitry"]
[Black "Pixton, Aaron"]
[Result "1/2-1/2"]
[WhiteElo "2429"]
[BlackElo "2432"]
[PlyCount "92"]
[EventDate "2002.07.18"]
[EventType "tourn"]
[EventRounds "9"]
[EventCountry "USA"]
[EventCategory "3"]
[SourceTitle "CBM 089 Extra"]
[Source "ChessBase"]
[SourceDate "2002.09.10"]
[SourceVersion "2"]
[SourceVersionDate "2002.09.10"]
[SourceQuality "1"]

1. e4 c5 2. Nf3 d6 3. Bc4 Nf6 4. d3 e6 5. Bb3 Be7 6. c3 0-0 7. 0-0 b5 8. Re1 Bb7 9. Nbd2 Nbd7 10. d4 Qc7 11. a4 cxd4 12. Nxd4 bxa4 13. Bxa4 d5 14. exd5 Bxd5 15. Bb3 Bxb3 16. N2xb3 Nd5 17. Na5 N7b6 18. Qe2 Bf6 19. Ndc6 Ne7 20. Ne5 Ng6 21. Nec6 Ne7 22. Nxe7+ Qxe7 23. Bf4 Nd5 24. Be5 Rfc8 25. Qe4 Bxe5 26. Qxe5 Qc5 27. c4 Nb4 28. Qxc5 Rxc5 29. Red1 g6 30. b3 Rc7 31. Kf1 Rb8 32. Ke2 Kf8 33. Kd2 Ke7 34. Kc3 Rb6 35. Ra4 Nd5+ 36. Kb2 Nb4 37. Rd2 Na6 38. f3 Nc5 39. Ra2 Na6 40. Kc3 f5 41. Ra4 Nc5 42. Ra1 Na6 43. h4 h6 44. g3 Rb8 45. Ra4 Nc5 46. Ra1 Na6 1/2-1/2

[Event "USA-ch U20"]
[Site "Dallas"]
[Date "2002.07.19"]
[Round "3"]
[White "Pixton, Aaron"]
[Black "Hoekstra, Matthew"]
[Result "1-0"]
[WhiteElo "2432"]
[BlackElo "2238"]
[PlyCount "83"]
[EventDate "2002.07.18"]
[EventType "tourn"]
[EventRounds "9"]
[EventCountry "USA"]
[EventCategory "3"]
[SourceTitle "CBM 089 Extra"]
[Source "ChessBase"]
[SourceDate "2002.09.10"]
[SourceVersion "2"]
[SourceVersionDate "2002.09.10"]
[SourceQuality "1"]

1. d4 Nf6 2. c4 e6 3. Nc3 Bb4 4. Qc2 0-0 5. a3 Bxc3+ 6. Qxc3 b6 7. Bg5 c5 8. dxc5 bxc5 9. Nf3 Nc6 10. e3 h6 11. Bh4 g5 12. Bg3 Ne4 13. Qc2 f5 14. Nd2 Nxg3 15. hxg3 Qf6 16. Be2 Rb8 17. Rb1 d6 18. 0-0 g4 19. Rfd1 h5 20. Nf1 Rd8 21. Qa4 Rb6 22. b4 cxb4 23. axb4 Ra6 24. Qb3 Rb6 25. b5 Ne5 26. Qa3 h4 27. c5 Rb7 28. Rxd6 Rh7 29. Rxd8+ Qxd8 30. Rd1 Qf8 31. Qc3 Nf7 32. gxh4 Rxh4 33. Ng3 Qh6 34. Qa5 Kg7 35. Qxa7 Kg6 36. Qc7 Qh8 37. c6 Rh2 38. Bf1 Qb2 39. Kxh2 Qxf2 40. Qf4 Qb2 41. Qd4 Qf2 42. Qd2 1-0

[Event "USA-ch"]
[Site "Seattle"]
[Date "2002.01.09"]
[Round "5"]
[White "Pixton, Aaron"]
[Black "Schneider, Dmitry"]
[Result "0-1"]
[WhiteElo "2432"]
[BlackElo "2412"]
[PlyCount "146"]
[EventDate "2002.01.05"]
[EventType "swiss"]
[EventRounds "9"]
[EventCountry "USA"]
[SourceTitle "CBM 087"]
[Source "ChessBase"]
[SourceDate "2002.03.21"]
[SourceVersion "1"]
[SourceVersionDate "2002.03.21"]
[SourceQuality "1"]

1. d4 Nf6 2. Bg5 d5 3. Bxf6 exf6 4. e3 Bd6 5. c4 dxc4 6. Bxc4 0-0 7. Nc3 f5 8. Nf3 Nd7 9. 0-0 Nf6 10. Qc2 c6 11. Rfd1 Qe7 12. a3 g6 13. Ba2 Bd7 14. h3 Kg7 15. Nd2 Rfe8 16. d5 b5 17. Qd3 a6 18. dxc6 Bxc6 19. Nd5 Bxd5 20. Bxd5 Rad8 21. Nf3 Nxd5 22. Qxd5 Bh2+ 23. Kxh2 Rxd5 24. Rxd5 Qf6 25. Rd4 Rc8 26. Rad1 Rc2 27. R1d2 Rxd2 28. Rxd2 f4 29. e4 g5 30. Nd4 h5 31. Nf5+ Kh7 32. f3 Qe5 33. Rd7 Qxb2 34. Rxf7+ Kg6 35. Rg7+ Kf6 36. Rd7 Qxa3 37. Rd6+ Ke5 38. Rd5+ Ke6 39. Nd4+ Ke7 40. e5 g4 41. hxg4 hxg4 42. Rd6 Qc5 43. Nc6+ Kf8 44. fxg4 b4 45. Nxb4 Qxb4 46. Rxa6 Ke7 47. Ra2 Qc5 48. Re2 Qc3 49. Rf2 Qg3+ 50. Kg1 Qe3 51. Kf1 Qc1+ 52. Ke2 Ke6 53. Rf3 Qg1 54. Rf2 Kxe5 55. g5 Kf5 56. g6 Kxg6 57. Rxf4 Qxg2+ 58. Ke3 Qg5 59. Ke4 Qc5 60. Rf3 Kg5 61. Rd3 Qc2 62. Ke3 Kf5 63. Rd5+ Ke6 64. Rh5 Qd1 65. Rb5 Qe1+ 66. Kd4 Qf2+ 67. Kc4 Kd6 68. Rd5+ Kc6 69. Rd3 Qf4+ 70. Rd4 Qe3 71. Rd1 Qe4+ 72. Rd4 Qc2+ 73. Kb4 Qc5+ 0-1

[Event "USA-ch"]
[Site "Seattle"]
[Date "2002.01.05"]
[Round "1"]
[White "Pixton, Aaron"]
[Black "Stripunsky, Alexander"]
[Result "0-1"]
[WhiteElo "2432"]
[BlackElo "2542"]
[PlyCount "110"]
[EventDate "2002.01.05"]
[EventType "swiss"]
[EventRounds "9"]
[EventCountry "USA"]
[SourceTitle "CBM 087"]
[Source "ChessBase"]
[SourceDate "2002.03.21"]
[SourceVersion "1"]
[SourceVersionDate "2002.03.21"]
[SourceQuality "1"]

1. d4 d5 2. c4 e6 3. Nf3 c6 4. e3 f5 5. Ne5 Nf6 6. Bd3 Nbd7 7. f4 Nxe5 8. fxe5 Ne4 9. 0-0 Be7 10. b3 0-0 11. Bxe4 fxe4 12. Ba3 Rxf1+ 13. Qxf1 Bxa3 14. Nxa3 Qe7 15. Nc2 a5 16. c5 b6 17. cxb6 Qd8 18. Qc1 Qxb6 19. Qa3 Qc7 20. Rf1 Ba6 21. Rf2 Bd3 22. Qc5 h6 23. h3 Qd7 24. Ne1 Qe8 25. Nxd3 exd3 26. Qc3 Qg6 27. Rd2 Rf8 28. Qxd3 Qg3 29. Qe2 c5 30. Rd1 cxd4 31. exd4 Rf4 32. Rd3 Qh4 33. g3 Re4 34. gxh4 Rxe2 35. a4 h5 36. Rc3 Rd2 37. Rc5 Rd3 38. Rxa5 Rxb3 39. Kg2 Rb4 40. Ra6 Kf7 41. Ra7+ Kg6 42. Re7 Kf5 43. Rxg7 Rxd4 44. Rg5+ Kf4 45. Rxh5 Rxa4 46. Rh8 Ra2+ 47. Kf1 d4 48. h5 d3 49. Rd8 Ke3 50. h6 Ra7 51. Kg2 Rh7 52. Kg3 Rxh6 53. Kg4 Rg6+ 54. Kh5 Rg1 55. h4 d2 0-1

[Event "Wch U16"]
[Site "Oropesa del Mar"]
[Date "2001.10.26"]
[Round "6"]
[White "Gomez, John Paul"]
[Black "Pixton, Aaron"]
[Result "1/2-1/2"]
[WhiteElo "2287"]
[BlackElo "2351"]
[PlyCount "91"]
[EventDate "2001.10.21"]
[EventType "swiss"]
[EventRounds "11"]
[EventCountry "ESP"]
[SourceTitle "EXT 2002"]
[Source "ChessBase"]
[SourceDate "2001.11.25"]
[SourceVersion "1"]
[SourceVersionDate "2001.11.25"]
[SourceQuality "1"]

1. e4 c5 2. Nf3 d6 3. d4 cxd4 4. Nxd4 Nf6 5. Nc3 g6 6. Be3 Bg7 7. f3 0-0 8. Qd2 Nc6 9. Bc4 Bd7 10. 0-0-0 Ne5 11. Bb3 Qa5 12. h4 Rfc8 13. h5 Rxc3 14. Qxc3 Qxc3 15. bxc3 Nxh5 16. Kb2 Rc8 17. Rhe1 a5 18. a3 Nf6 19. Bg1 a4 20. Ba2 e6 21. Ne2 d5 22. Bd4 Nc4+ 23. Bxc4 Rxc4 24. exd5 Nxd5 25. Bxg7 Kxg7 26. Rd4 Rc5 27. Nf4 Nxf4 28. Rxf4 Bc6 29. Rd4 g5 30. c4 e5 31. Rd3 f6 32. Rc3 h5 33. Kc1 Kg6 34. Kd2 h4 35. Re2 Kf5 36. Ke3 Bd5 37. Kf2 Bxc4 38. Rd2 b5 39. g3 hxg3+ 40. Kxg3 Rc8 41. Re3 Rg8 42. Re4 Be6 43. Rd6 Rc8 44. Rb4 Bc4 45. Rb1 Be2 46. Rd2 1/2-1/2

[Event "Wch U16"]
[Site "Oropesa del Mar"]
[Date "2001.10.23"]
[Round "3"]
[White "Pixton, Aaron"]
[Black "Khamzin, Olzhas"]
[Result "1-0"]
[WhiteElo "2351"]
[BlackElo "2242"]
[PlyCount "53"]
[EventDate "2001.10.21"]
[EventType "swiss"]
[EventRounds "11"]
[EventCountry "ESP"]
[SourceTitle "EXT 2002"]
[Source "ChessBase"]
[SourceDate "2001.11.25"]
[SourceVersion "1"]
[SourceVersionDate "2001.11.25"]
[SourceQuality "1"]

1. d4 Nf6 2. Bg5 Ne4 3. Bf4 c5 4. f3 Qa5+ 5. c3 Nf6 6. d5 e6 7. e4 exd5 8. exd5 d6 9. Na3 Be7 10. Nc4 Qc7 11. a4 0-0 12. g4 Re8 13. Ne2 b6 14. Kf2 Bf8 15. Ne3 Nbd7 16. c4 Ne5 17. Nc3 g6 18. Be2 Bg7 19. Bg3 g5 20. h4 gxh4 21. Rxh4 Ng6 22. Rh2 h6 23. Qd2 Kh7 24. Nb5 Qd8 25. Nf5 Bxf5 26. gxf5 Ne5 27. Rg1 1-0